000 00826cab a22001815a 4500
001 L143494
008 080514e2008 xxk f 000 0 eng d
035 _a(Sirsi) u143494
041 0 _aeng
245 0 0 _aModern arts
260 _c2008
490 0 _aBuilding Services Journal
_v30(5) May 2008, 37-40(4)
520 _aReports on the transformation of Sheffield University's Arts Tower into Sheffield's most environmentally efficient building, with a BREEAM rating of over 80. Looks at the five proposed refurbishment options and their carbon footprint scores, and explains how the existing cladding system was reused with near-invisible facade engineering. Also discusses the building's ventilation.
590 _aKA
651 4 _aUnited Kingdom
_y
690 _aBUILT ENVIRONMENT-SUSTAINABLE CONSTRUCTION
942 _n0
999 _c80206
_d80206